The book of rowing /

Bibliographic Details
Main Author: Churbuck, D. C. (David C.)
Format: Book
Language:English
Published: Woodstock, N.Y. : Overlook Press, 1988.
Subjects:

MARC

Tag First Indicator Second Indicator Subfields
LEADER 00000cam a22000008a 4500
001 in00000018514
005 20151007053250.0
008 870305s1988 nyua b 00110 eng
010 |a  87005818  
020 |a 087951292X :  |c $19.95 
035 |a (OCoLC)15366972 
035 |9 AAB1014AM 
040 |a DLC  |c DLC  |d m/c  |d TXA  |d UtOrBLW 
049 |a TXAM  |c [A11097342] 
050 0 0 |a GV791  |b .C55 1988 
082 0 |a 797.1/23  |2 19 
100 1 |a Churbuck, D. C.  |q (David C.) 
245 1 4 |a The book of rowing /  |c D.C. Churbuck. 
263 |a 8804 
264 1 |a Woodstock, N.Y. :  |b Overlook Press,  |c 1988. 
300 |a 273 pages :  |b illustrations 
336 |a text  |b txt  |2 rdacontent 
337 |a unmediated  |b n  |2 rdamedia 
338 |a volume  |b nc  |2 rdacarrier 
504 |a Bibliography: pages 235-236. 
500 |a Includes index. 
650 0 |a Rowing. 
999 |a MARS 
999 f f |s 2a6e6c4f-ed47-3989-99a9-f0cc60c52e57  |i c1e7b783-0f72-3ac5-9c57-8fd5b61d6143  |t 0 
952 f f |p ric  |a Texas A&M University  |b Rellis Campus  |c Joint Library Facility  |d Remote Storage  |t 0  |e GV791 .C55 1988  |h Library of Congress classification  |i unmediated -- volume  |m A14811097342 
998 f f |a GV791 .C55 1988  |t 0  |l Remote Storage